000 00770cab a2200229 4500
001 WB3207-49
008 090401t1996 xxu||||| |||| 00| 0 eng d
035 _a(Sirsi) u28134
041 _aeng
245 _aSurveyors give free advice
260 _c1996
350 _a0
490 _aRICS Press Release
_v(PR16.comm) 14 February 1996, (2)
520 _aChartered surveyors are giving advice to young entrepreneurs concerning business premises, a scheme in conjunction with the Prince`s Youth Business Trust.
650 _aBUSINESS ADVICE
650 _aBUSINESS START-UP ORGANISATIONS
650 _aPRINCES YOUTH BUSINESS TRUST
650 _aVOLUNTEERS
690 _aMANAGEMENT-BUSINESS MANAGEMENT-PROFESSIONAL PRACTICE
942 _n0
948 _c04/03/1997
999 _c18971
_d18971